[Event "GER-chT U16"]
[Site "Magdeburg"]
[Date "2023.12.29"]
[Round "6.6"]
[White "Trunz, Michelle"]
[Black "Korchynskyi, Mykola"]
[Result "0-1"]
[WhiteElo "2024"]
[BlackElo "2196"]
[PlyCount "98"]
[EventDate "2023.12.26"]
[EventType "team-swiss"]
[EventRounds "7"]
[EventCountry "GER"]
[SourceTitle "CB03_2024"]
[SourceDate "2024.01.17"]
[SourceVersion "1"]
[SourceVersionDate "2024.01.17"]
[SourceQuality "1"]
[WhiteTeam "Porz SG"]
[BlackTeam "Essen Katernberg"]
[WhiteTeamCountry "GER"]
[BlackTeamCountry "GER"]

1. d4 d5 2. c4 e6 3. Nc3 Nf6 4. Bg5 Be7 5. e3 h6 6. Bh4 0-0 7. Nf3 b6 8. Bd3 dxc4 9. Bxc4 Bb7 10. 0-0 Ne4 11. Bxe7 Qxe7 12. Rc1 Rd8 13. Bd3 Nxc3 14. Rxc3 c5 15. dxc5 bxc5 16. Qc2 Bxf3 17. gxf3 Nd7 18. Be4 Rab8 19. f4 e5 20. Kh1 exf4 21. exf4 Rb4 22. Re3 Qf6 23. b3 Qxf4 24. Rfe1 Qd6 25. Rg1 Nf6 26. f3 Rd4 27. Qg2 g5 28. h4 Rd2 29. Re2 Qf4 30. hxg5 Rxe2 31. Qxe2 hxg5 32. Qh2 Qxh2+ 33. Kxh2 Rd2+ 34. Kh3 g4+ 35. Kh4 Rxa2 36. Bd3 a5 37. Kg5 Kg7 38. fxg4 Rd2 39. Bc4 Rf2 40. Kh4 Ne4 41. g5 Nd2 42. Kg3 Rf3+ 43. Kg4 Rc3 44. Bd5 Rd3 45. Bc4 Rd4+ 46. Kf5 Nf3 47. Rf1 Nh4+ 48. Ke5 Ng6+ 49. Kf5 a4 0-1

[Event "GER-chT U16"]
[Site "Magdeburg"]
[Date "2023.12.28"]
[Round "3.9"]
[White "Bergmann, Lennart"]
[Black "Trunz, Michelle"]
[Result "0-1"]
[WhiteElo "1612"]
[BlackElo "2024"]
[PlyCount "91"]
[EventDate "2023.12.26"]
[EventType "team-swiss"]
[EventRounds "7"]
[EventCountry "GER"]
[SourceTitle "CB03_2024"]
[SourceDate "2024.01.17"]
[SourceVersion "1"]
[SourceVersionDate "2024.01.17"]
[SourceQuality "1"]
[WhiteTeam "Offenbach"]
[BlackTeam "Porz SG"]
[WhiteTeamCountry "GER"]
[BlackTeamCountry "GER"]

1. Nf3 d5 2. g3 Nf6 3. Bg2 c6 4. d3 Bf5 5. 0-0 h6 6. Nbd2 e6 7. Qe1 Be7 8. e4 Bh7 9. Qe2 0-0 10. e5 Nfd7 11. Re1 c5 12. Nf1 Nc6 13. h4 b5 14. N1h2 Nb6 15. Ng4 Bg6 16. c3 Rc8 17. Nd2 b4 18. Bf1 bxc3 19. bxc3 Na4 20. Nb1 c4 21. dxc4 h5 22. Nh2 Bxb1 23. Rxb1 Nxc3 24. Qxh5 dxc4 25. Ng4 Nd4 26. Nh6+ gxh6 27. Bxh6 Nf5 28. Rbc1 Nxh6 29. Qxh6 Qd4 30. Rxc3 Qxc3 31. Re4 Qf3 32. Rf4 Qd1 33. f3 Bc5+ 34. Kh2 Qc2+ 35. Kh3 f6 36. Bxc4 Qh7 37. Rg4+ Kh8 38. Qf4 f5 39. Rg5 Be7 40. Bxe6 Bxg5 41. Qxg5 Rce8 42. Bb3 Rxe5 43. Qf4 Qg7 44. h5 Re1 45. Kh2 Qb2+ 46. Kh3 0-1

[Event "Wch U16 Girls"]
[Site "Montesilvano"]
[Date "2023.11.22"]
[Round "9"]
[White "Tokarz, Izabela"]
[Black "Trunz, Michelle"]
[Result "0-1"]
[WhiteElo "1931"]
[BlackElo "1997"]
[PlyCount "94"]
[EventDate "2023.11.13"]
[EventType "swiss"]
[EventRounds "11"]
[EventCountry "ITA"]
[SourceTitle "CB48_2023"]
[SourceDate "2023.11.29"]
[SourceVersion "1"]
[SourceVersionDate "2023.11.29"]
[SourceQuality "1"]

1. d4 d5 2. c4 c6 3. Nc3 dxc4 4. a4 e5 5. e3 exd4 6. exd4 Be6 7. Nf3 Bb4 8. Ne5 Ne7 9. Bxc4 Bxc4 10. Nxc4 0-0 11. 0-0 Na6 12. Qg4 Qc8 13. Qg3 Qe6 14. Ne5 Rad8 15. Be3 f6 16. Nd3 Nf5 17. Qh3 Rfe8 18. Rfe1 Qd7 19. Rad1 Ne7 20. Qxd7 Rxd7 21. Nxb4 Nxb4 22. d5 Nexd5 23. Bxa7 Rxe1+ 24. Rxe1 Nd3 25. Re8+ Kf7 26. Rb8 Nxb2 27. Nxd5 cxd5 28. a5 d4 29. Bxd4 Rxd4 30. Rxb7+ Kg6 31. g3 Nd3 32. a6 Ra4 33. a7 Ra1+ 34. Kg2 Ra2 35. h4 Rxf2+ 36. Kh3 Ra2 37. g4 Nf2+ 38. Kg3 Ne4+ 39. Kf4 Nd6 40. h5+ Kh6 41. Rb6 Ra4+ 42. Kg3 Ne4+ 43. Kh4 Rxa7 44. Re6 Ng5 45. Rb6 Nf3+ 46. Kg3 Ne5 47. Kh4 Ra4 0-1

[Event "Marburg op-A"]
[Site "Marburg"]
[Date "2023.10.27"]
[Round "2"]
[White "Meyer Jany, Marcel"]
[Black "Trunz, Michelle"]
[Result "1/2-1/2"]
[WhiteElo "1747"]
[BlackElo "2013"]
[PlyCount "82"]
[EventDate "2023.10.26"]
[EventType "swiss"]
[EventRounds "7"]
[EventCountry "GER"]
[SourceTitle "CB49_2023"]
[SourceDate "2023.12.06"]
[SourceVersion "1"]
[SourceVersionDate "2023.12.06"]
[SourceQuality "1"]

1. d4 d5 2. c4 c6 3. Nf3 Nf6 4. Nc3 Bf5 5. Qb3 Qb6 6. Qxb6 axb6 7. cxd5 Nxd5 8. Nxd5 cxd5 9. Bf4 Nc6 10. a3 f6 11. e3 Nb4 12. Bb5+ Kf7 13. 0-0 Nd3 14. Bc7 Nxb2 15. Rfc1 e6 16. a4 Be7 17. Bxb6 Rhc8 18. a5 Nc4 19. h3 Nxb6 20. axb6 Rxc1+ 21. Rxc1 Bd8 22. Nh4 Be4 23. f3 Bg6 24. Nxg6 hxg6 25. Bd7 e5 26. Bc8 Rb8 27. Bd7 Bxb6 28. Rc8 Rxc8 29. Bxc8 exd4 30. Bxb7 Ke6 31. exd4 Bxd4+ 32. Kf1 Ke5 33. g3 Bc5 34. Ke2 Kd4 35. Ba6 g5 36. Bd3 Bd6 37. h4 Bxg3 38. hxg5 fxg5 39. Bg6 g4 40. fxg4 Bf4 41. Bf5 Bg5 1/2-1/2

[Event "Marburg op-A"]
[Site "Marburg"]
[Date "2023.10.27"]
[Round "3"]
[White "Trunz, Michelle"]
[Black "Mader, Lena"]
[Result "1-0"]
[WhiteElo "2013"]
[BlackElo "1841"]
[PlyCount "131"]
[EventDate "2023.10.26"]
[EventType "swiss"]
[EventRounds "7"]
[EventCountry "GER"]
[SourceTitle "CB49_2023"]
[SourceDate "2023.12.06"]
[SourceVersion "1"]
[SourceVersionDate "2023.12.06"]
[SourceQuality "1"]

1. d4 Nf6 2. c4 g6 3. Nc3 Bg7 4. e4 d6 5. h3 0-0 6. Nf3 c5 7. d5 e6 8. Bd3 exd5 9. exd5 Re8+ 10. Be3 Nbd7 11. 0-0 a6 12. Qd2 Ne5 13. Nxe5 Rxe5 14. Bf4 Re8 15. a3 b6 16. Rab1 Nh5 17. Be3 Be5 18. b4 Qh4 19. Ne2 Qd8 20. a4 Ng7 21. a5 Nf5 22. Bg5 f6 23. Bf4 cxb4 24. axb6 Qxb6 25. Rxb4 Qc5 26. Rfb1 Nd4 27. Be3 f5 28. Nc3 f4 29. Bxf4 Bxf4 30. Qxf4 Bf5 31. Bxf5 Nxf5 32. Ne4 Qd4 33. c5 Rxe4 34. Rxd4 Rxf4 35. Rxf4 dxc5 36. Rc4 a5 37. Rxc5 a4 38. Rcb5 Kg7 39. Rb7+ Kf6 40. f4 Ne3 41. d6 a3 42. Ra1 Nc2 43. Ra2 Ke6 44. Rb1 Nd4 45. Rd1 Nb5 46. d7 Rd8 47. Rb1 Nc3 48. Re1+ Kxd7 49. Rxa3 Nb5 50. Rd1+ Kc7 51. Rxd8 Kxd8 52. Ra8+ Ke7 53. g4 Kf6 54. Kf2 Nd4 55. Ra6+ Kf7 56. Ra7+ Kg8 57. Ke3 Ne6 58. f5 gxf5 59. gxf5 Ng5 60. h4 Nf7 61. f6 Nd6 62. Kf4 h6 63. h5 Kf8 64. Ke5 Nf7+ 65. Kf5 Kg8 66. Kg6 1-0

[Event "GER-ch U14 Girls"]
[Site "Willingen"]
[Date "2022.06.08"]
[Round "5"]
[White "Peglau, Dora"]
[Black "Trunz, Michelle"]
[Result "1-0"]
[WhiteElo "2008"]
[BlackElo "1712"]
[PlyCount "71"]
[EventDate "2022.06.04"]
[EventType "swiss"]
[EventRounds "9"]
[EventCountry "GER"]
[SourceTitle "CBM 208 Extra"]
[Source "ChessBase"]
[SourceDate "2022.07.31"]
[SourceVersion "1"]
[SourceVersionDate "2022.07.31"]
[SourceQuality "1"]

1. d4 f5 2. c4 Nf6 3. Nf3 e6 4. Bf4 Bb4+ 5. Nbd2 Bxd2+ 6. Qxd2 d6 7. g3 b6 8. Bg2 Bb7 9. 0-0 0-0 10. Qc2 Nbd7 11. b4 Qe7 12. Rfd1 Ne4 13. Ng5 Nxg5 14. Bxg5 Qxg5 15. Bxb7 Rab8 16. Bg2 Rf6 17. Qa4 Rd8 18. Qxa7 Rh6 19. Qxc7 Nf8 20. Qxb6 Rd7 21. Bf3 f4 22. Qb5 d5 23. Qb8 Rf7 24. Kg2 Qf5 25. Rh1 Qh3+ 26. Kg1 dxc4 27. a4 g5 28. a5 g4 29. Bg2 Qh5 30. a6 f3 31. exf3 gxf3 32. Bf1 Rg7 33. a7 Rxg3+ 34. Qxg3+ Rg6 35. a8Q Rxg3+ 36. hxg3 1-0

[Event "EU-ch Hybrid U14 Girls"]
[Site "Tornelo INT"]
[Date "2021.10.15"]
[Round "7"]
[White "Kochavi, Dana"]
[Black "Trunz, Michelle"]
[Result "1-0"]
[WhiteElo "1895"]
[BlackElo "1722"]
[PlyCount "73"]
[EventDate "2021.10.15"]
[EventType "swiss"]
[EventRounds "9"]
[EventCountry "NET"]
[SourceTitle "EXT 2023"]
[Source "ChessBase"]
[SourceDate "2022.10.05"]
[SourceVersion "1"]
[SourceVersionDate "2022.10.05"]
[SourceQuality "1"]
[WhiteTeam "Israel"]
[BlackTeam "Germany"]
[WhiteTeamCountry "ISR"]
[BlackTeamCountry "GER"]

1. e4 c5 2. Nf3 d6 3. d4 cxd4 4. Nxd4 Nf6 5. Nc3 a6 6. h3 h5 7. g3 b5 8. a4 b4 9. Nd5 Nxd5 10. exd5 Bb7 11. Bg2 e5 12. Nc6 Bxc6 13. dxc6 Qc7 14. Qd5 a5 15. Be3 Be7 16. Qb5 Ra6 17. c3 0-0 18. 0-0 f5 19. Bd5+ Kh8 20. f4 exf4 21. gxf4 Bf6 22. cxb4 axb4 23. a5 Bd8 24. Bb6 Qe7 25. Rae1 Bxb6+ 26. axb6 Qf6 27. Qxb4 Qh4 28. Kh2 Nxc6 29. Bxc6 Qd8 30. Rf2 Rxb6 31. Qc4 Qb8 32. Bd5 Rc8 33. Qe2 g6 34. Qe6 Kh7 35. Qe7+ Kh8 36. Qf6+ Kh7 37. Re7+ 1-0

[Event "EU-ch Hybrid U14 Girls"]
[Site "Tornelo INT"]
[Date "2021.10.15"]
[Round "9"]
[White "Latypova, Olga L"]
[Black "Trunz, Michelle"]
[Result "0-1"]
[WhiteElo "1266"]
[BlackElo "1722"]
[PlyCount "134"]
[EventDate "2021.10.15"]
[EventType "swiss"]
[EventRounds "9"]
[EventCountry "NET"]
[SourceTitle "EXT 2023"]
[Source "ChessBase"]
[SourceDate "2022.10.05"]
[SourceVersion "1"]
[SourceVersionDate "2022.10.05"]
[SourceQuality "1"]
[WhiteTeam "England"]
[BlackTeam "Germany"]
[WhiteTeamCountry "ENG"]
[BlackTeamCountry "GER"]

1. e4 c5 2. Nf3 d6 3. d4 cxd4 4. Nxd4 Nf6 5. Nc3 a6 6. f3 e5 7. Nb3 Be6 8. Be3 Be7 9. Qd2 h5 10. Be2 Nbd7 11. 0-0-0 b5 12. Nd5 Nxd5 13. exd5 Bf5 14. Na5 Qc7 15. Nc6 Rc8 16. Bd3 Bxd3 17. Qxd3 Bf6 18. g4 Nb6 19. Bxb6 Qxb6 20. Qf5 Rc7 21. Kb1 hxg4 22. fxg4 Qe3 23. Qd3 Qh3 24. Qe4 0-0 25. Rd3 Qh6 26. h4 Qf4 27. Re3 Qxe4 28. Rxe4 g6 29. g5 Bg7 30. a4 Rb7 31. axb5 axb5 32. Rh3 Ra8 33. Rb3 f5 34. gxf6 Bxf6 35. c4 Ra4 36. Kc2 Kh7 37. Rf3 Bg7 38. b3 Ra2+ 39. Kc3 bxc4 40. Kxc4 Rc2+ 41. Rc3 Rxc3+ 42. Kxc3 Rb5 43. Nb4 Kh6 44. Kc4 Rc5+ 45. Kd3 Kh5 46. Re3 Kxh4 47. Ke4 Rb5 48. Nc2 Bh6 49. Rf3 Bf4 50. b4 g5 51. Rf1 Kh3 52. Rf3+ Kh2 53. Rb3 g4 54. Ne1 Rb8 55. Kf5 g3 56. Rb2+ Kh3 57. Ng2 Bc1 58. Rc2 Rxb4 59. Ne1 Rf4+ 60. Ke6 Ba3 61. Ra2 Bb4 62. Nd3 Rd4 63. Nxb4 Rxb4 64. Kxd6 e4 65. Kc5 Rb8 66. Kd4 Re8 67. Ke3 g2 0-1

[Event "EU-ch Hybrid U14 Girls"]
[Site "Tornelo INT"]
[Date "2021.10.15"]
[Round "2"]
[White "Trunz, Michelle"]
[Black "Buyuk, Ecrin Efsa"]
[Result "1-0"]
[WhiteElo "1722"]
[BlackElo "1730"]
[PlyCount "123"]
[EventDate "2021.10.15"]
[EventType "swiss"]
[EventRounds "9"]
[EventCountry "NET"]
[SourceTitle "EXT 2023"]
[Source "ChessBase"]
[SourceDate "2022.10.05"]
[SourceVersion "1"]
[SourceVersionDate "2022.10.05"]
[SourceQuality "1"]
[WhiteTeam "Germany"]
[BlackTeam "Turkey"]
[WhiteTeamCountry "GER"]
[BlackTeamCountry "TUR"]

1. d4 d5 2. c4 c6 3. cxd5 cxd5 4. Nc3 Nf6 5. Nf3 Nc6 6. Bf4 e6 7. e3 Bd6 8. Bxd6 Qxd6 9. Bb5 0-0 10. 0-0 Nd7 11. Rc1 Ne7 12. Rc2 Ng6 13. Bd3 a6 14. Na4 e5 15. Bxg6 hxg6 16. Nxe5 Nxe5 17. dxe5 Qxe5 18. Nb6 Bf5 19. Rd2 Rad8 20. Nxd5 Be4 21. Nc3 Rxd2 22. Qxd2 Bc6 23. f3 f5 24. Qd4 Qe6 25. Rd1 g5 26. Rd3 g4 27. f4 Qf7 28. b3 Kh8 29. Ne2 Qe7 30. a4 b5 31. a5 Bb7 32. Ng3 Qc7 33. Qc3 Qe7 34. Qd2 Qc7 35. Rd7 Qc6 36. Rd6 Qc7 37. b4 Rc8 38. Rd7 Qc1+ 39. Qxc1 Rxc1+ 40. Kf2 Rc2+ 41. Ke1 Bxg2 42. Nxf5 Be4 43. Ng3 Bf3 44. e4 Rc4 45. e5 Rxf4 46. e6 Rf6 47. e7 Re6+ 48. Kd2 Bc6 49. Rc7 Be8 50. Kd3 Kg8 51. Kd4 g6 52. Ne4 Kf7 53. Ng5+ Kf6 54. Nxe6 Kxe6 55. Ra7 g5 56. Rxa6+ Kxe7 57. Ke5 g3 58. hxg3 g4 59. Ra7+ Kd8 60. Rg7 Bd7 61. a6 Bc6 62. Kd6 1-0